[Event "chess.com SpeedChess 2022"]
[Site "chess.com INT"]
[Date "2022.11.28"]
[Round "1.312"]
[White "Vachier-Lagrave, Maxime"]
[Black "Nepomniachtchi, Ian"]
[Result "1/2-1/2"]
[WhiteTitle "GM"]
[BlackTitle "GM"]
[WhiteElo "2736"]
[BlackElo "2793"]
[WhiteFideId "623539"]
[BlackFideId "4168119"]
[EventDate "2022.11.23"]
[EventType "k.o."]

1. Nf3 d5 2. d4 Nc6 3. c4 Bf5 4. cxd5 Qxd5 5. Nc3 Qa5 6. Bd2 e6 7. e4 Bg4 8. Bb5
Bb4 9. O-O Ne7 10. h3 Bxf3 11. Qxf3 Bxc3 12. Bxc6+ Nxc6 13. Bxc3 Qg5 14. d5 Ne5
15. Qe2 Ng6 16. Qb5+ c6 17. Qxb7 O-O 18. dxe6 Nf4 19. exf7+ Rxf7 20. Qxa8+ Rf8
21. Qxf8+ Kxf8 22. g3 Nxh3+ 23. Kg2 Nf4+ 24. Kf3 Ne6 25. Rad1 h5 26. Ke2 Qb5+
27. Kd2 Qc4 28. Ke3 Qc5+ 29. Ke2 Qc4+ 30. Ke3 Qxa2 31. f4 Qc4 32. f5 Ng5 33. Rf4
Nh3 34. Rh4 Ng5 35. e5 Qc5+ 36. Ke2 Qb5+ 37. Kf2 Qc5+ 38. Rhd4 Kg8 39. Kg2 Kh7
40. Re1 Qb5 41. f6 c5 42. Rf4 Qc6+ 43. Kh2 Nf3+ 44. Rxf3 Qxf3 45. e6 h4 46. gxh4
Qf2+ 47. Kh3 Qf3+ 48. Kh2 Qf2+ 49. Kh3 Qf3+ 50. Kh2 1/2-1/2

[Event "chess.com SpeedChess 2022"]
[Site "chess.com INT"]
[Date "2022.11.28"]
[Round "1.313"]
[White "Nepomniachtchi, Ian"]
[Black "Vachier-Lagrave, Maxime"]
[Result "0-1"]
[WhiteTitle "GM"]
[BlackTitle "GM"]
[WhiteElo "2793"]
[BlackElo "2736"]
[WhiteFideId "4168119"]
[BlackFideId "623539"]
[EventDate "2022.11.23"]
[EventType "k.o."]

1. Nf3 Nf6 2. c4 g6 3. Nc3 d5 4. g3 d4 5. Nb5 c5 6. Bg2 Bg7 7. O-O O-O 8. d3 a6
9. Na3 Nc6 10. Bd2 e5 11. Nc2 Re8 12. b4 e4 13. Nfe1 e3 14. fxe3 dxe3 15. Nxe3
Ng4 16. Nd5 Nxb4 17. h3 Nxd5 18. Bxd5 Bd4+ 19. Kg2 Nf6 20. e4 Nxd5 21. cxd5 f5
22. Nf3 Bxa1 23. Qxa1 fxe4 24. Ng5 e3 25. Rf7 Qxd5+ 26. Kh2 Qxf7 27. Nxf7 Kxf7
28. Bc3 Be6 29. Qf1+ Ke7 30. Qf4 Kd7 31. Qxe3 Rac8 32. Qh6 Re7 33. g4 Rc6 34.
Bf6 Rf7 35. g5 c4 36. dxc4 Rxc4 37. Kg3 Re4 38. a3 Re3+ 0-1

[Event "chess.com SpeedChess 2022"]
[Site "chess.com INT"]
[Date "2022.11.30"]
[Round "1.11"]
[White "Aronian, Levon"]
[Black "Andreikin, Dmitry"]
[Result "1/2-1/2"]
[WhiteTitle "GM"]
[BlackTitle "GM"]
[WhiteElo "2735"]
[BlackElo "2729"]
[WhiteFideId "13300474"]
[BlackFideId "4158814"]
[EventDate "2022.11.23"]
[EventType "k.o."]

1. e4 c5 2. Nf3 e6 3. d4 cxd4 4. Nxd4 Nc6 5. Nc3 a6 6. Be3 Nf6 7. f4 Bb4 8. Bd3
e5 9. Nxc6 dxc6 10. f5 h5 11. Qd2 Nxe4 12. Bxe4 Bxc3 13. bxc3 Qh4+ 14. Qf2 Qxe4
15. O-O f6 16. Rae1 Qc4 17. h3 h4 18. Qf3 Bd7 19. Bb6 Qxa2 20. Qg4 g5 21. Rd1
Qf7 22. Rd6 O-O 23. Rfd1 Be8 24. Bc5 b6 25. Bxb6 Rb8 26. Bd8 Qg7 27. Re6 Bh5 28.
Qxh5 Rbxd8 29. Rxd8 Rxd8 30. Re8+ Rxe8 31. Qxe8+ Kh7 32. Qh5+ Kg8 33. Qe8+ Kh7
34. Qh5+ Kg8 35. Qe8+ 1/2-1/2

[Event "chess.com SpeedChess 2022"]
[Site "chess.com INT"]
[Date "2022.11.30"]
[Round "1.12"]
[White "Andreikin, Dmitry"]
[Black "Aronian, Levon"]
[Result "0-1"]
[WhiteTitle "GM"]
[BlackTitle "GM"]
[WhiteElo "2729"]
[BlackElo "2735"]
[WhiteFideId "4158814"]
[BlackFideId "13300474"]
[EventDate "2022.11.23"]
[EventType "k.o."]

1. d4 Nf6 2. c4 e6 3. Nf3 d5 4. e3 Be7 5. Nc3 O-O 6. a3 b6 7. b4 Ba6 8. b5 Bb7
9. Bb2 c5 10. bxc6 Nxc6 11. cxd5 Nxd5 12. Bd3 Rc8 13. Ne4 Na5 14. Qe2 a6 15. O-O
b5 16. a4 Nb3 17. axb5 Nxa1 18. bxa6 Bxa6 19. Bxa6 Rc2 20. Qb5 Nc7 21. Qb7 Nxa6
22. Bxa1 Nb4 23. Ne5 Qc7 24. Qxc7 Rxc7 25. Bc3 Nd5 26. Ba5 Rc2 27. Rb1 Rfc8 28.
g3 Rc1+ 29. Rxc1 Rxc1+ 30. Kg2 Rc2 31. Kf3 f6 32. Nd3 g5 33. h3 h5 34. g4 h4 35.
Nd2 Kf7 36. e4 Nb4 37. Bxb4 Bxb4 38. Nxb4 Rxd2 39. d5 Rd4 40. Nc2 Rd3+ 41. Ne3
exd5 42. exd5 Rd2 43. Kg2 Ke8 44. Kf1 Kd7 45. Ke1 Rb2 46. Kf1 Ra2 47. Nf5 Ra5
48. d6 Rxf5 49. gxf5 Kxd6 50. Ke2 Ke5 51. Ke3 Kxf5 52. f3 Ke5 53. f4+ gxf4+ 54.
Kd3 f3 55. Ke3 f2 56. Kxf2 Kf4 0-1

[Event "chess.com SpeedChess 2022"]
[Site "chess.com INT"]
[Date "2022.11.30"]
[Round "1.13"]
[White "Aronian, Levon"]
[Black "Andreikin, Dmitry"]
[Result "0-1"]
[WhiteTitle "GM"]
[BlackTitle "GM"]
[WhiteElo "2735"]
[BlackElo "2729"]
[WhiteFideId "13300474"]
[BlackFideId "4158814"]
[EventDate "2022.11.23"]
[EventType "k.o."]

1. e4 c5 2. Nf3 e6 3. d4 cxd4 4. Nxd4 a6 5. c4 Nf6 6. Nc3 Bb4 7. Qd3 d5 8. exd5
exd5 9. Be2 O-O 10. O-O Nc6 11. Nxc6 bxc6 12. cxd5 cxd5 13. Bg5 Bxc3 14. bxc3 h6
15. Bh4 Be6 16. Qd4 g5 17. Bg3 Ne4 18. Bd3 Rc8 19. Bxa6 Rxc3 20. a4 Qa5 21. Bb5
Rfc8 22. Be5 Rc2 23. Rad1 Qc3 24. Rd3 Qxd4 25. Bxd4 Nd6 26. Rb3 Nf5 27. Rb4 Nxd4
28. Rxd4 Ra2 29. h4 Kg7 30. hxg5 hxg5 31. Rdd1 Rcc2 32. Rc1 Bf5 33. Rcd1 Be4 34.
Bd3 Rcb2 35. Bxe4 dxe4 36. Rb1 Rxb1 37. Rxb1 Rxa4 38. Rb5 Kg6 39. g3 Kh5 40. Rf5
Kg6 41. Rb5 Ra2 42. Kf1 f5 43. Re5 Ra4 44. Ke2 f4 45. gxf4 gxf4 46. Kf1 Kf6 47.
Rb5 Ra2 48. Rc5 Rd2 49. Rb5 Ke6 50. Ra5 Rd5 51. Ra4 Kf5 52. f3 e3 53. Ke1 Rb5 0-1

[Event "chess.com SpeedChess 2022"]
[Site "chess.com INT"]
[Date "2022.11.30"]
[Round "1.14"]
[White "Andreikin, Dmitry"]
[Black "Aronian, Levon"]
[Result "1/2-1/2"]
[WhiteTitle "GM"]
[BlackTitle "GM"]
[WhiteElo "2729"]
[BlackElo "2735"]
[WhiteFideId "4158814"]
[BlackFideId "13300474"]
[EventDate "2022.11.23"]
[EventType "k.o."]

1. c4 Nf6 2. Nc3 e6 3. Nf3 d5 4. d4 Bb4 5. Qa4+ Nc6 6. e3 O-O 7. Bd2 Re8 8. Qc2
a6 9. Rd1 Bd6 10. h3 e5 11. dxe5 Nxe5 12. cxd5 Nxf3+ 13. gxf3 Bd7 14. Rg1 c6 15.
Bd3 cxd5 16. Ne2 Rc8 17. Qb1 Qb6 18. h4 Bb4 19. Bc3 d4 20. Nxd4 Nd5 21. Ne2 Nxe3
22. Rxg7+ Kf8 23. Rxf7+ Kxf7 24. Bc4+ Kf8 25. Qxh7 Bxc3+ 26. bxc3 Qf6 27. Qg8+
Ke7 28. Qh7+ Kf8 29. Qg8+ Ke7 30. Qh7+ Kf8 1/2-1/2

[Event "chess.com SpeedChess 2022"]
[Site "chess.com INT"]
[Date "2022.11.30"]
[Round "1.15"]
[White "Aronian, Levon"]
[Black "Andreikin, Dmitry"]
[Result "1-0"]
[WhiteTitle "GM"]
[BlackTitle "GM"]
[WhiteElo "2735"]
[BlackElo "2729"]
[WhiteFideId "13300474"]
[BlackFideId "4158814"]
[EventDate "2022.11.23"]
[EventType "k.o."]

1. e4 c5 2. Nf3 e6 3. d4 cxd4 4. Nxd4 Nc6 5. Nc3 a6 6. Be3 Nf6 7. f4 Bb4 8. Bd3
e5 9. Nxc6 dxc6 10. Qf3 Ng4 11. Bd2 Bc5 12. f5 Nf2 13. Rf1 Nxd3+ 14. cxd3 b5 15.
O-O-O O-O 16. Ne2 Be7 17. d4 exd4 18. e5 f6 19. e6 Bb7 20. Qg4 Kh8 21. Rf3 Qd5
22. Nf4 Qc4+ 23. Kb1 c5 24. Rc1 Bxf3 25. gxf3 Qa4 26. b3 Qa3 27. Rg1 g5 28. fxg6
Rfb8 29. gxh7 1-0

[Event "chess.com SpeedChess 2022"]
[Site "chess.com INT"]
[Date "2022.11.30"]
[Round "1.16"]
[White "Andreikin, Dmitry"]
[Black "Aronian, Levon"]
[Result "1/2-1/2"]
[WhiteTitle "GM"]
[BlackTitle "GM"]
[WhiteElo "2729"]
[BlackElo "2735"]
[WhiteFideId "4158814"]
[BlackFideId "13300474"]
[EventDate "2022.11.23"]
[EventType "k.o."]

1. e4 e5 2. Nf3 Nc6 3. Nc3 Nf6 4. d4 exd4 5. Nxd4 Bb4 6. Nxc6 bxc6 7. Bd3 O-O 8.
O-O d5 9. exd5 cxd5 10. h3 Be6 11. Qf3 Rb8 12. Bf4 Bd6 13. b3 Rb4 14. Bxd6 Qxd6
15. Rad1 c6 16. Rfe1 a5 17. Na4 Nd7 18. c4 Rd8 19. Qe3 Qb8 20. cxd5 cxd5 21. Rc1
h6 22. Rc6 Re8 23. Nc5 Nxc5 24. Qxc5 a4 25. Bc2 axb3 26. Bxb3 Rd8 27. Rc7 Rb7
28. Rxb7 Qxb7 29. Rd1 Qa6 30. Qd4 Qa3 31. Kh2 Qd6+ 32. Kg1 h5 33. Rc1 g6 34. Qf6
Bf5 35. Qxd6 Rxd6 36. h4 d4 37. f3 Be6 38. Kf2 Bxb3 39. axb3 Rb6 40. Rb1 Rb4 41.
Ke2 Kf8 42. Kd3 Ke7 43. Kc2 d3+ 44. Kxd3 Rxh4 45. b4 Kd7 46. Ke3 Rc4 47. Kd3 Rc6
48. Rb2 Rf6 49. Ke4 g5 50. b5 Kc7 51. b6+ Kb7 52. Rb5 Rf4+ 53. Ke3 f6 54. g3 Rc4
55. f4 h4 56. fxg5 fxg5 57. Rxg5 hxg3 58. Rxg3 Rc3+ 59. Kf4 Rxg3 60. Kxg3 Kxb6 1/2-1/2

[Event "chess.com SpeedChess 2022"]
[Site "chess.com INT"]
[Date "2022.11.30"]
[Round "1.17"]
[White "Aronian, Levon"]
[Black "Andreikin, Dmitry"]
[Result "0-1"]
[WhiteTitle "GM"]
[BlackTitle "GM"]
[WhiteElo "2735"]
[BlackElo "2729"]
[WhiteFideId "13300474"]
[BlackFideId "4158814"]
[EventDate "2022.11.23"]
[EventType "k.o."]

1. e4 e5 2. Nf3 Nc6 3. Bb5 Nf6 4. O-O Nxe4 5. d4 Nd6 6. Bxc6 dxc6 7. dxe5 Nf5 8.
Qxd8+ Kxd8 9. Nc3 Ke8 10. Ne2 Be7 11. Bg5 h5 12. Rfe1 Be6 13. Nf4 Rd8 14. Nxe6
fxe6 15. Rad1 Rxd1 16. Rxd1 h4 17. g4 hxg3 18. hxg3 c5 19. Kg2 b5 20. c4 a6 21.
g4 Nh6 22. Kg3 Nf7 23. Be3 bxc4 24. Rc1 Kd7 25. Rxc4 Rb8 26. b3 Rb5 27. Kf4 Nd8
28. Ne1 Nc6 29. Nd3 Nb4 30. Nxc5+ Bxc5 31. Bxc5 Nd3+ 32. Kg5 Rxc5 33. Rxc5 Nxc5
34. Kg6 Nd3 35. Kxg7 Nxf2 36. g5 Ng4 0-1

[Event "chess.com SpeedChess 2022"]
[Site "chess.com INT"]
[Date "2022.11.30"]
[Round "1.18"]
[White "Andreikin, Dmitry"]
[Black "Aronian, Levon"]
[Result "1/2-1/2"]
[WhiteTitle "GM"]
[BlackTitle "GM"]
[WhiteElo "2729"]
[BlackElo "2735"]
[WhiteFideId "4158814"]
[BlackFideId "13300474"]
[EventDate "2022.11.23"]
[EventType "k.o."]

1. e4 e5 2. Nf3 Nc6 3. Nc3 Nf6 4. d4 exd4 5. Nxd4 Bb4 6. Nxc6 bxc6 7. Bd3 O-O 8.
O-O d5 9. exd5 Bg4 10. f3 Bh5 11. dxc6 Qd4+ 12. Kh1 Bxc3 13. bxc3 Qxc3 14. Rb1
Bg6 15. Bb2 Qxc6 16. Bxg6 hxg6 17. Bxf6 gxf6 18. Qd3 Rad8 19. Qa3 Rd4 20. Qxa7
Ra4 21. Qb7 Qxc2 22. Rbc1 Qxa2 1/2-1/2

[Event "chess.com SpeedChess 2022"]
[Site "chess.com INT"]
[Date "2022.11.30"]
[Round "1.19"]
[White "Aronian, Levon"]
[Black "Andreikin, Dmitry"]
[Result "1-0"]
[WhiteTitle "GM"]
[BlackTitle "GM"]
[WhiteElo "2735"]
[BlackElo "2729"]
[WhiteFideId "13300474"]
[BlackFideId "4158814"]
[EventDate "2022.11.23"]
[EventType "k.o."]

1. e4 c5 2. Nf3 e6 3. c3 d5 4. exd5 exd5 5. d4 Nc6 6. Bb5 Bd6 7. O-O Ne7 8. dxc5
Bxc5 9. Nbd2 O-O 10. Nb3 Bb6 11. h3 Qd6 12. Re1 Bxh3 13. gxh3 Qg3+ 14. Kh1 Bxf2
15. Rf1 Nf5 16. Nh2 Rae8 17. Qf3 Qxf3+ 18. Nxf3 Be3 19. Kh2 Bb6 20. Bf4 Re4 21.
Bg3 Rfe8 22. Rae1 g6 23. Nbd2 Nxg3 24. Kxg3 Re3 25. Rxe3 Rxe3 26. Re1 Rxe1 27.
Nxe1 f5 28. Nd3 Ne7 29. Nf4 Kf7 30. Nf3 Kf6 31. Nd4 g5 32. Nh5+ Kg6 33. Be8+ Kh6
34. Ne6 Ng6 35. Nf6 f4+ 36. Kg4 Ne5+ 37. Kf5 Ng6 38. Bxg6 hxg6+ 39. Kg4 a5 40.
Nxd5 Bf2 41. Nxg5 1-0

[Event "chess.com SpeedChess 2022"]
[Site "chess.com INT"]
[Date "2022.11.30"]
[Round "1.21"]
[White "Andreikin, Dmitry"]
[Black "Aronian, Levon"]
[Result "1/2-1/2"]
[WhiteTitle "GM"]
[BlackTitle "GM"]
[WhiteElo "2729"]
[BlackElo "2735"]
[WhiteFideId "4158814"]
[BlackFideId "13300474"]
[EventDate "2022.11.23"]
[EventType "k.o."]

1. Nf3 d5 2. g3 Nf6 3. Bg2 c5 4. O-O Nc6 5. d4 e6 6. c4 dxc4 7. dxc5 Qxd1 8.
Rxd1 Bxc5 9. Nbd2 c3 10. bxc3 O-O 11. Nb3 Be7 12. c4 Bd7 13. Bb2 Rfd8 14. Nfd4
Rac8 15. Nb5 b6 16. Rac1 a5 17. a4 Be8 18. Rxd8 Rxd8 19. h3 h6 20. c5 bxc5 21.
Nxc5 Nd5 22. Ba3 Ncb4 23. Nb7 Rb8 24. Nxa5 Bxb5 25. axb5 Rxb5 26. Rc8+ Kh7 27.
Nc4 Rc5 28. Be4+ g6 29. Rxc5 Bxc5 30. Ne5 Kg8 31. Bxd5 exd5 32. Nd7 Be7 33. Bxb4
Bxb4 34. Nf6+ Kf8 35. Nxd5 Bc5 36. g4 Ke8 37. Kg2 Kd7 38. Kf3 Ke6 39. Nf4+ Kf6
40. e3 Bd6 41. Nd5+ Ke5 42. Nb6 Ke6 43. Nc4 Bb4 44. Ke4 Be1 45. f4 Bc3 46. Nb6
Bb4 47. f5+ gxf5+ 48. gxf5+ Kd6 49. Nd5 Ba3 50. Nf6 Bb2 51. Ng4 h5 52. Nh2 Ke7
53. Nf3 Kf6 54. Kf4 Bc1 55. Nd4 Ba3 56. Nb5 Bb2 57. Nd4 Ba3 58. Ke4 Kg5 59. Nf3+
Kf6 60. Ne5 Bb2 61. Nd3 Bc3 62. h4 Kg7 63. Nf4 Kh6 64. Kf3 Bf6 65. Ng2 Kg7 66.
Kg3 Be5+ 67. Nf4 Kf6 68. e4 Kg7 69. Kf3 Kh6 70. Nd3 Bf6 71. Kg3 Bc3 72. e5 Kg7
73. Kf3 Bd2 74. Ke4 Bc3 75. Nf4 Kh6 76. Nd5 Be1 77. f6 Bxh4 78. Kf5 Kh7 79. Nf4
Kg8 80. Nxh5 Kf8 81. Nf4 Be1 82. Nh3 Bd2 83. Ng5 Ke8 84. Kg4 Bc3 85. Nf3 Kd7 86.
Kf5 Ke8 87. Ng5 Bb2 88. Ne4 Ba1 89. Nd6+ Kf8 90. Nb5 Bb2 91. Ke4 Ba1 92. Kd5 Bb2
93. Nd6 Ba1 94. Nc4 Bc3 95. Kd6 Ke8 96. Kc7 Ba1 97. Kc6 Bc3 98. Kc5 Ba1 99. Kd5
Bc3 100. Ne3 Bb2 101. Ke4 Ba1 102. Kf5 Bb2 103. Ng4 Bc3 104. Kg5 Kf8 105. Kf4
Bb2 106. Ne3 Bc1 107. Ke4 Bb2 108. Nc4 Bc3 109. Kd5 Ke8 110. Nd6+ Kf8 111. Ke4
Bb2 112. Kf5 Ba1 113. Ne4 Bb2 114. Nc5 Ke8 115. Nb7 Ba1 116. Nd6+ Kf8 1/2-1/2

[Event "chess.com SpeedChess 2022"]
[Site "chess.com INT"]
[Date "2022.11.30"]
[Round "1.22"]
[White "Aronian, Levon"]
[Black "Andreikin, Dmitry"]
[Result "1-0"]
[WhiteTitle "GM"]
[BlackTitle "GM"]
[WhiteElo "2735"]
[BlackElo "2729"]
[WhiteFideId "13300474"]
[BlackFideId "4158814"]
[EventDate "2022.11.23"]
[EventType "k.o."]

1. e4 c5 2. Nf3 e6 3. c3 d5 4. exd5 exd5 5. d4 Nc6 6. Bb5 Bd6 7. O-O Ne7 8. dxc5
Bxc5 9. Nbd2 O-O 10. Nb3 Bb6 11. h3 Qd6 12. Re1 Nf5 13. Bd3 Bc7 14. Bxf5 Bxf5
15. Be3 b6 16. Nbd4 Nxd4 17. Bxd4 f6 18. Be3 Be4 19. g3 Qd7 20. Nd2 Bg6 21. h4
Rae8 22. Qf3 Qb5 23. Nb3 Be4 24. Qe2 Qd7 25. Kh2 f5 26. f4 Rf6 27. Nd4 Rh6 28.
Nf3 Qe7 29. Ng5 Qxg5 30. fxg5 Rxh4+ 31. Kg1 Bxg3 32. Kf1 Rh2 33. Qb5 Rf8 34. Re2
Rh1+ 35. Bg1 f4 36. Rxe4 dxe4 37. Kg2 Rh4 38. Qd5+ Kh8 39. Rf1 Rg4 40. Kh3 Rh4+
41. Kg2 Rg4 42. Qe6 Rxg5 43. Qxe4 h6 44. Kf3 Rd8 45. Bd4 Rf8 46. Rh1 1-0

[Event "chess.com SpeedChess 2022"]
[Site "chess.com INT"]
[Date "2022.11.30"]
[Round "1.23"]
[White "Andreikin, Dmitry"]
[Black "Aronian, Levon"]
[Result "1-0"]
[WhiteTitle "GM"]
[BlackTitle "GM"]
[WhiteElo "2729"]
[BlackElo "2735"]
[WhiteFideId "4158814"]
[BlackFideId "13300474"]
[EventDate "2022.11.23"]
[EventType "k.o."]

1. Nf3 d5 2. g3 Nf6 3. Bg2 c5 4. O-O g6 5. d4 cxd4 6. Nxd4 Bg7 7. Nb3 O-O 8. Nc3
e6 9. a4 Nh5 10. a5 f5 11. Nxd5 exd5 12. Qxd5+ Kh8 13. a6 Nc6 14. Nc5 Qxd5 15.
Bxd5 Nf6 16. axb7 Bxb7 17. Bg2 Ne4 18. Nxb7 Nd4 19. e3 Ne2+ 20. Kh1 Nxc1 21.
Bxe4 fxe4 22. Raxc1 Bxb2 23. Rb1 Bg7 24. Rb4 Rab8 25. Rb3 Rbc8 26. Nd6 Rxc2 27.
Nxe4 a5 28. Rb7 Rc4 29. Ng5 Rc6 30. Ra7 h6 31. Nh3 Bc3 32. Nf4 g5 33. Nd5 Bb4
34. Kg2 Rc2 35. Rb7 Bd6 36. Rb6 Bc5 37. Rxh6+ Kg7 38. Rc6 a4 39. Nc7 1-0

[Event "chess.com SpeedChess 2022"]
[Site "chess.com INT"]
[Date "2022.11.30"]
[Round "1.24"]
[White "Aronian, Levon"]
[Black "Andreikin, Dmitry"]
[Result "0-1"]
[WhiteTitle "GM"]
[BlackTitle "GM"]
[WhiteElo "2735"]
[BlackElo "2729"]
[WhiteFideId "13300474"]
[BlackFideId "4158814"]
[EventDate "2022.11.23"]
[EventType "k.o."]

1. e4 c5 2. Nf3 e6 3. b3 b6 4. Bb2 Bb7 5. Nc3 Nf6 6. e5 Ne4 7. Nxe4 Bxe4 8. Qe2
Bb7 9. O-O-O Nc6 10. h4 h6 11. h5 a6 12. Rh3 b5 13. Rg3 Qa5 14. Kb1 c4 15. Nd4
Nb4 16. a3 Nd5 17. bxc4 bxc4 18. Qxc4 Rc8 19. Nb3 Qd8 20. Qd4 Be7 21. Rxg7 Bg5
22. c4 Ne7 23. Bd3 Nc6 24. Qc3 Kf8 25. Rxg5 Qxg5 26. Nc5 Ba8 27. Nxd7+ Kg7 28.
Re1 Rhd8 29. Nf6 Qxg2 30. Re4 Qxf2 31. Rg4+ Kf8 32. Kc2 Rb8 33. Rg8+ Ke7 34.
Rxd8 Kxd8 35. Be4 Ke7 36. Qe3 Qxe3 37. dxe3 Na5 38. Bd3 Nb7 39. Bd4 Rc8 40. Kc3
Nc5 41. Bc2 Bf3 42. Kb4 Nd7 43. c5 Nb8 44. Kc3 Nd7 45. Ba4 Nxc5 0-1

[Event "chess.com SpeedChess 2022"]
[Site "chess.com INT"]
[Date "2022.11.30"]
[Round "1.25"]
[White "Andreikin, Dmitry"]
[Black "Aronian, Levon"]
[Result "1-0"]
[WhiteTitle "GM"]
[BlackTitle "GM"]
[WhiteElo "2729"]
[BlackElo "2735"]
[WhiteFideId "4158814"]
[BlackFideId "13300474"]
[EventDate "2022.11.23"]
[EventType "k.o."]

1. Nf3 d5 2. g3 g6 3. Bg2 Bg7 4. d4 Nf6 5. O-O O-O 6. c3 b6 7. c4 c6 8. cxd5
cxd5 9. Nc3 Bb7 10. Ne5 Nc6 11. Bg5 e6 12. Rc1 Rc8 13. Qa4 h6 14. Bf4 a6 15.
Nxc6 Rxc6 16. Be5 Rc4 17. Qb3 b5 18. a4 Nd7 19. Bxg7 Kxg7 20. axb5 Rxd4 21. Qa3
Qb6 22. b3 a5 23. Qb2 e5 24. e3 Rb4 25. Bxd5 Nc5 26. Bxb7 Qxb7 27. Rfd1 Rxb3 28.
Qa1 Ne6 29. Nd5 Rxb5 30. Qxe5+ Kh7 31. Nf6+ Kh8 32. Nd5+ Kh7 33. h4 h5 34. e4 a4
35. Nf6+ Kh8 36. Rd5 Rb1 37. Rxb1 Qxb1+ 38. Kg2 a3 39. Nd7+ Kg8 40. Nxf8 a2 41.
Nxe6 a1=Q 42. Rd8+ Kh7 43. Rh8# 1-0

[Event "chess.com SpeedChess 2022"]
[Site "chess.com INT"]
[Date "2022.11.30"]
[Round "1.26"]
[White "Aronian, Levon"]
[Black "Andreikin, Dmitry"]
[Result "0-1"]
[WhiteTitle "GM"]
[BlackTitle "GM"]
[WhiteElo "2735"]
[BlackElo "2729"]
[WhiteFideId "13300474"]
[BlackFideId "4158814"]
[EventDate "2022.11.23"]
[EventType "k.o."]

1. e4 c5 2. Nf3 e6 3. c3 d5 4. exd5 exd5 5. d4 Nc6 6. Bb5 Bd6 7. dxc5 Bxc5 8.
Nbd2 Ne7 9. Nb3 Bb6 10. O-O O-O 11. Re1 Qd6 12. Be3 Bxe3 13. Rxe3 Bg4 14. h3 Bh5
15. Bd3 h6 16. Qd2 a5 17. Nbd4 Bxf3 18. Nxf3 Ng6 19. Bxg6 fxg6 20. Rae1 Rf6 21.
Nh2 d4 22. Rd3 dxc3 23. bxc3 Qc5 24. Ng4 Rf7 25. Rd5 Qf8 26. Re6 g5 27. Rg6 Kh7
28. Rdd6 Rd8 29. Qd3 Kh8 30. Nxh6 Rxf2 31. Rxd8 Nxd8 32. Ng4 Rxa2 33. Rxg5 Ra1+
34. Kh2 Qf4+ 35. g3 Ra2+ 0-1

[Event "chess.com SpeedChess 2022"]
[Site "chess.com INT"]
[Date "2022.11.30"]
[Round "1.27"]
[White "Andreikin, Dmitry"]
[Black "Aronian, Levon"]
[Result "1/2-1/2"]
[WhiteTitle "GM"]
[BlackTitle "GM"]
[WhiteElo "2729"]
[BlackElo "2735"]
[WhiteFideId "4158814"]
[BlackFideId "13300474"]
[EventDate "2022.11.23"]
[EventType "k.o."]

1. Nf3 d5 2. g3 g6 3. Bg2 Bg7 4. d4 Nf6 5. O-O O-O 6. c4 c6 7. cxd5 cxd5 8. Nc3
e6 9. Bf4 Nc6 10. Ne5 Bd7 11. Nxc6 Bxc6 12. Be5 Bh6 13. Bxf6 Qxf6 14. e3 Rfc8
15. Qb3 Qe7 16. Rfc1 b5 17. Ne2 a5 18. Rc2 a4 19. Qd3 Be8 20. Rac1 Rc4 21. b3
axb3 22. axb3 Ra3 23. Rc3 Rxc3 24. Qxc3 b4 25. Qc2 Kg7 26. Bf1 Qa7 27. Qc8 Qa8
28. Nf4 Bxf4 29. gxf4 Qxc8 30. Rxc8 Bd7 31. Rc7 Be8 32. Rc8 Bd7 33. Rc7 Be8 34.
Rc8 1/2-1/2

[Event "chess.com SpeedChess 2022"]
[Site "chess.com INT"]
[Date "2022.11.30"]
[Round "1.28"]
[White "Aronian, Levon"]
[Black "Andreikin, Dmitry"]
[Result "0-1"]
[WhiteTitle "GM"]
[BlackTitle "GM"]
[WhiteElo "2735"]
[BlackElo "2729"]
[WhiteFideId "13300474"]
[BlackFideId "4158814"]
[EventDate "2022.11.23"]
[EventType "k.o."]

1. d4 d5 2. c4 e6 3. Nc3 a6 4. cxd5 exd5 5. Nf3 Nf6 6. Bg5 Be6 7. e3 Nbd7 8. Bd3
h6 9. Bf4 g5 10. Bg3 Nh5 11. O-O Nxg3 12. fxg3 Bg7 13. Kh1 c6 14. e4 dxe4 15.
Nxe4 Qe7 16. Qc2 O-O 17. Rae1 Qb4 18. a3 Qb3 19. Qd2 Rad8 20. Bc2 Qb6 21. Nfxg5
hxg5 22. Qxg5 Qxb2 23. Bb1 Bd5 24. Rf2 Qxd4 25. Rf4 Rfe8 26. Ref1 Bxe4 27. Bxe4
Rxe4 28. Qxd8+ Nf8 29. Qc7 Rxf4 30. gxf4 Qd3 31. Re1 Bc3 32. Rg1 Bd4 33. Re1 Qd2
34. Rf1 Qe2 35. Rb1 Ne6 36. Qxb7 Qe4 37. Rf1 Kg7 38. Qxa6 Nxf4 39. Rf3 Ne2 40.
Qd3 Qxd3 41. Rxd3 c5 42. a4 Nf4 43. Ra3 c4 44. a5 c3 45. Ra2 Nd3 46. a6 Nb4 47.
a7 Nxa2 48. a8=Q c2 49. h3 c1=Q+ 50. Kh2 Be5+ 51. g3 Qd2+ 52. Kg1 Qe1+ 53. Kg2
Qe2+ 54. Kg1 Bd4+ 0-1

[Event "chess.com SpeedChess 2022"]
[Site "chess.com INT"]
[Date "2022.11.30"]
[Round "1.31"]
[White "Andreikin, Dmitry"]
[Black "Aronian, Levon"]
[Result "0-1"]
[WhiteTitle "GM"]
[BlackTitle "GM"]
[WhiteElo "2729"]
[BlackElo "2735"]
[WhiteFideId "4158814"]
[BlackFideId "13300474"]
[EventDate "2022.11.23"]
[EventType "k.o."]

1. Nf3 d5 2. g3 Nc6 3. d4 Bf5 4. Bg2 Nb4 5. Na3 e6 6. O-O Nf6 7. c3 Nc6 8. Qa4
h6 9. Ne5 Bxa3 10. Nxc6 Qd7 11. Qxa3 Qxc6 12. Bf4 Be4 13. f3 Bg6 14. Rac1 Nd7
15. c4 dxc4 16. b3 Nb6 17. e4 O-O-O 18. Qxa7 Rxd4 19. bxc4 Qa4 20. Qxa4 Nxa4 21.
Be5 Rd2 22. Bxg7 Rh7 23. Bf6 Rxa2 24. Rfd1 b6 25. f4 Nc5 26. f5 exf5 27. Rd8+
Kb7 28. exf5+ Rxg2+ 29. Kxg2 Bxf5 30. Ra1 Be6 31. Rc1 h5 32. Bd4 Nb3 33. Rc3 Na5
34. Be3 Nxc4 35. Bf4 b5 36. h4 f5 37. Rc1 Rd7 38. Rxd7 Bxd7 39. Re1 c5 40. Re7
Kc6 41. Rh7 b4 42. Rxh5 b3 43. Bc1 b2 44. Bxb2 Nxb2 45. Kf2 c4 46. Ke3 c3 47.
Rh8 Kd5 48. h5 Bb5 49. h6 Nd1+ 50. Kf4 c2 51. Rc8 Bc6 52. Rd8+ Kc5 53. h7 c1=Q+
54. Kxf5 Qc2+ 55. Kf6 Qxh7 56. Rxd1 Qh6+ 57. Ke7 Qg5+ 58. Kf8 Qf6+ 59. Kg8 Bd5+
60. Kh7 Be4+ 61. Kg8 Bd5+ 62. Kh7 Qf5+ 63. Kh8 Qh5+ 64. Kg7 Qxd1 0-1

[Event "chess.com SpeedChess 2022"]
[Site "chess.com INT"]
[Date "2022.11.30"]
[Round "1.32"]
[White "Aronian, Levon"]
[Black "Andreikin, Dmitry"]
[Result "1-0"]
[WhiteTitle "GM"]
[BlackTitle "GM"]
[WhiteElo "2735"]
[BlackElo "2729"]
[WhiteFideId "13300474"]
[BlackFideId "4158814"]
[EventDate "2022.11.23"]
[EventType "k.o."]

1. d4 d5 2. Bf4 Nf6 3. e3 c5 4. Nf3 Nc6 5. Nbd2 g6 6. dxc5 Bg7 7. c3 O-O 8. Be2
Nh5 9. Bg5 h6 10. Bh4 g5 11. Bg3 Nxg3 12. hxg3 e5 13. Nb3 Be6 14. Qc2 a5 15. a4
Qe7 16. Rd1 Rfd8 17. O-O Rab8 18. Bb5 Qc7 19. Nfd2 f5 20. f4 Ne7 21. Nf3 Ng6 22.
fxe5 Bxe5 23. Nbd4 Bxd4 24. Nxd4 Qxg3 25. Qf2 Qxf2+ 26. Rxf2 Kf7 27. Nxf5 Ne5
28. Rdf1 Kg6 29. Nd4 Bg4 30. Rf6+ Kg7 31. Rb6 Rdc8 32. Ne6+ Bxe6 33. Rxe6 Ng4
34. Bd7 Rc7 35. Re7+ Kh8 36. Rff7 Nxe3 37. Rh7+ Kg8 38. Be6+ Kf8 39. Rxc7 1-0